Medagliere Olimpiadi invernali Salt Lake City 2002 - Statistics

Statistiche generali
  • Questo quiz è stato fatto 2 volte
  • Il punteggio medio è 7 su 10
Statistiche sulle risposte
Medaglie d'Oro Medaglie d'Argento Medaglie di Bronzo Medaglie complessive Rappresentativa olimpica % Corretto
4 5 2 11 Francia
100%
12 16 8 36 Germania
100%
4 4 5 13 Italia
100%
5 4 4 13 Russia
100%
3 4 10 17 Austria
50%
7 3 7 17 Canada
50%
13 5 7 25 Norvegia
50%
10 13 11 34 Stati Uniti
50%
3 2 6 11 Svizzera
50%
3 5 0 9 Paesi Bassi
0%
Nessun quiz corrispondente trovato
Distribuzione punteggi
Percentuale di utenti per punteggio
Percentile per numero di risposta
I tuoi punteggi nel tempo
Non hai fatto questo quiz